000
00246nam a2200097Ia 4500
082
_a
EJF FLAN
245
0
_a
I am HIV-positive
100
_a
FLANAGAN, Wendy Oxford, 2003
_9
80139
942
_c
BK
008
210817s9999 xx 000 0 und d
999
_c
382247
_d
382246